| 000 | 00380 a2200133 4500 | ||
|---|---|---|---|
| 001 | ART_13070 | ||
| 005 | 20260410161735.0 | ||
| 008 | 260409a | ||
| 245 | 1 | 0 | _aCuando el río suena... |
| 100 | 1 | _aRossi, Rodolfo C. | |
| 700 | 1 | _aBotana, Natalio | |
| 700 | 1 | _aBlasco, Eduardo | |
| 773 | 0 |
_tEjecutivos de finanzas _g- Año 7, Nº 63 (feb./mar. 1990) _wREV2863 |
|
| 999 |
_c18216 _d18216 |
||